Normal view MARC view
  • Uddin,Aleem, Rehman,Atta & Alam,M.anwaar

Entry Personal Name

Number of records used in: 3

001 - CONTROL NUMBER

  • control field: 4947

003 - CONTROL NUMBER IDENTIFIER

  • control field: NUST

005 - DATE AND TIME OF LATEST TRANSACTION

  • control field: 20170925115636.0

008 - FIXED-LENGTH DATA ELEMENTS

  • fixed length control field: 170925|| aca||aabn | a|a d

040 ## - CATALOGING SOURCE

  • Original cataloging agency: NUST
  • Transcribing agency: NUST

100 ## - HEADING--PERSONAL NAME

  • Personal name: Uddin,Aleem, Rehman,Atta & Alam,M.anwaar

670 ## - SOURCE DATA FOUND

  • Source citation: Work cat.: (NUST): Uddin,Aleem, Rehman,Atta & Alam,M.anwaar, The effects of human capital and non-human capital on personal earnings, 2014
© 2023 Central Library, National University of Sciences and Technology. All Rights Reserved.